000 00693cam a22002293a 4500
001 44433
003 PGUSA
005 20140828084020.0
008 131214s2013||||xxu|||||s|||||000 | eng d
040 _aPGUSA
_beng
042 _adc
100 1 _aLafon, Mary
245 1 0 _aJaufry the Knight and the Fair Brunissende :
_bA Tale of the Times of King Arthur
_h[electronic resource] /
_cMary Lafon
260 _bProject Gutenberg,
_c2013
506 _aPublic domain in the USA.
516 _aElectronic text
700 1 _aDoré, Gustave,
_d1832-1883
700 1 _aElwes, Alfred,
_d-1888
830 0 _aProject Gutenberg
_v44433
856 4 0 _uhttp://www.gutenberg.org/ebooks/44433
942 _cEB
999 _c273684
_d273684